000 01346nam a2200337 a 4500
001 ebr10718970
003 CaPaEBR
006 m o u
007 cr cn|||||||||
008 130618s2013 mauc sb 001 0 eng d
010 _z 2013000178
020 _z9781618111777 (cloth)
020 _z9781618112699 (paper)
020 _z9781618111999 (e-book)
040 _aCaPaEBR
_cCaPaEBR
035 _a(OCoLC)850178375
043 _ae-uk-en
050 1 4 _aBM292
_b.P47 2013eb
100 1 _aPersoff, Meir.
245 1 0 _aHats in the ring
_h[electronic resource] :
_bchoosing Britain's chief rabbis from Adler to Sacks /
_cMeir Persoff.
260 _aBoston :
_bAcademic Studies Press,
_c2013.
300 _axxii, 337 p. :
_bports.
440 0 _aJudaism and Jewish life
504 _aIncludes bibliographical references and index.
533 _aElectronic reproduction.
_bPalo Alto, Calif. :
_cebrary,
_d2013.
_nAvailable via World Wide Web.
_nAccess may be limited to ebrary affiliated libraries.
610 2 0 _aBritish Chief Rabbinate
_xSelection and appointment
_xHistory.
650 0 _aRabbis
_xSelection and appointment
_zEngland.
655 7 _aElectronic books.
_2local
710 2 _aebrary, Inc.
856 4 0 _uhttp://site.ebrary.com/lib/rucke/Doc?id=10718970
_zAn electronic book accessible through the World Wide Web; click to view
999 _c28068
_d28068